000 00447nam a2200181 a 4500
001 13616
003 CO-ViMGA
008 141112s2004 ck r 000 u spa d
020 _a968190527X
040 _aCO-ViMGA
_bspa
_cCO-ViMGA
082 0 4 _a863 P373
100 1 _aPerez R., Arturo
_919849
245 1 0 _aEl sol de breda
260 _aMexico :
_bD.F. :
_bAlfaguara,
_c1998
300 _a251
650 1 4 _aNOVELA ESPAÑOLA
_9488
942 _2ddc
_cBK
999 _c24340
_d24340